<?xml version="1.0" encoding="UTF-8"?>
<collection xmlns:xsi="http://www.w3.org/2001/XMLSchema-instance" xsi:schemaLocation="http://www.loc.gov/MARC21/slim http://www.loc.gov/standards/marcxml/schema/MARC21slim.xsd" xmlns="http://www.loc.gov/MARC21/slim">
 <record>
  <leader>00000cam a22000004i 4500</leader>
  <controlfield tag="001">UP-8027390931316335093</controlfield>
  <controlfield tag="003">Buklod</controlfield>
  <controlfield tag="005">20241129084930.0</controlfield>
  <controlfield tag="006">a     r    |||| u|</controlfield>
  <controlfield tag="007">ta</controlfield>
  <controlfield tag="008">241129s        xx     d     r    |||| u|</controlfield>
  <datafield tag="020" ind1=" " ind2=" ">
   <subfield code="a">9781398605992</subfield>
  </datafield>
  <datafield tag="020" ind1=" " ind2=" ">
   <subfield code="a">9781398605978</subfield>
  </datafield>
  <datafield tag="035" ind1=" " ind2=" ">
   <subfield code="a">(iLib)UPMIN-00038494829</subfield>
  </datafield>
  <datafield tag="042" ind1=" " ind2=" ">
   <subfield code="a">pcc</subfield>
  </datafield>
  <datafield tag="050" ind1="0" ind2="0">
   <subfield code="a">HF5548.32</subfield>
   <subfield code="b">K566 2022</subfield>
  </datafield>
  <datafield tag="082" ind1="0" ind2="0">
   <subfield code="a">658.8</subfield>
  </datafield>
  <datafield tag="090" ind1=" " ind2=" ">
   <subfield code="a">HF5548.32</subfield>
   <subfield code="b">K566 2022</subfield>
  </datafield>
  <datafield tag="100" ind1="1" ind2=" ">
   <subfield code="a">Kingsnorth, Simon</subfield>
   <subfield code="e">author.</subfield>
  </datafield>
  <datafield tag="245" ind1="1" ind2="0">
   <subfield code="a">Digital marketing strategy</subfield>
   <subfield code="b">an integrated approach to online marketing</subfield>
   <subfield code="c">Simon Kingsnorth.</subfield>
  </datafield>
  <datafield tag="250" ind1=" " ind2=" ">
   <subfield code="a">Third Edition.</subfield>
  </datafield>
  <datafield tag="300" ind1=" " ind2=" ">
   <subfield code="a">xvi, 399 pages</subfield>
   <subfield code="b">illustrations</subfield>
   <subfield code="c">25 cm</subfield>
  </datafield>
  <datafield tag="500" ind1=" " ind2=" ">
   <subfield code="a">Revised edition of the author's Digital marketing strategy, [2019]</subfield>
  </datafield>
  <datafield tag="500" ind1=" " ind2=" ">
   <subfield code="a">IMA Acopiado (Recommending faculty) AY 2022-2023</subfield>
  </datafield>
  <datafield tag="504" ind1=" " ind2=" ">
   <subfield code="a">Includes bibliographical references and index.</subfield>
  </datafield>
  <datafield tag="520" ind1=" " ind2=" ">
   <subfield code="a">&quot;Build an effective and practical digital strategy with this bestselling guide to digital marketing, covering everything from automation and analytics to integrating AI. Digital Marketing Strategy is a global bestseller, and a one-stop guide to digital marketing and how to structure and build a more strategic approach. Recommended by the Chartered Institute of Marketing (CIM), a professional marketing body. Now fully updated, this third edition covers the integration of AI in marketing, marketing automation and how to use digital analytical tools, plus new strategies for third-party data and privacy protection. Digital Marketing Strategy will show you how to effectively select, align and manage digital channels and operations, to streamline a winning digital marketing strategy for measurable, optimized results. Learn from real-world case studies including Coca-Cola, MoneySupermarket.com, Bloom &amp; Wild, Airbnb, Adidas, Uber so you can view best-practice examples so you can build your own digital marketing strategy. Accompanying online resources consist of practical implementation guides spanning SEO, paid-search, email, lead-generation, as well as lecture slides and activity sheets. This is an invaluable guide for digital marketing students and entry-level to mid-management professionals&quot;--Provided by publisher.</subfield>
  </datafield>
  <datafield tag="650" ind1="0" ind2="0">
   <subfield code="a">Electronic commerce</subfield>
   <subfield code="x">Management.</subfield>
  </datafield>
  <datafield tag="650" ind1="0" ind2="0">
   <subfield code="a">Internet marketing.</subfield>
  </datafield>
  <datafield tag="650" ind1="0" ind2="0">
   <subfield code="a">Strategic planning.</subfield>
  </datafield>
  <datafield tag="658" ind1=" " ind2=" ">
   <subfield code="a">Introduction to Marketing Management</subfield>
   <subfield code="c">MGT155.</subfield>
  </datafield>
  <datafield tag="776" ind1="0" ind2=" ">
   <subfield code="i">Online version</subfield>
   <subfield code="a">Kingsnorth, Simon.</subfield>
   <subfield code="t">Digital marketing strategy</subfield>
   <subfield code="b">3rd.</subfield>
   <subfield code="d">New York, NY : Kogan Page Inc, [2022]</subfield>
   <subfield code="z">9781398605985</subfield>
   <subfield code="w">(DLC) 2022010052.</subfield>
  </datafield>
  <datafield tag="905" ind1=" " ind2=" ">
   <subfield code="a">FO</subfield>
  </datafield>
  <datafield tag="852" ind1="0" ind2=" ">
   <subfield code="a">UPMIN</subfield>
   <subfield code="b">UPMIN-MAIN</subfield>
   <subfield code="h">HF5548.32</subfield>
   <subfield code="i">.K566 2022</subfield>
  </datafield>
  <datafield tag="942" ind1=" " ind2=" ">
   <subfield code="a">Book</subfield>
  </datafield>
 </record>
</collection>
